Analytical Description of Plastic Deformation Distribution in the Neck of a Flat Tensile Specimen; Mechanics, Materials Science & Engineering Journal; Vol. 1

Bibliographic Details
Parent link:Mechanics, Materials Science & Engineering Journal: Scientific Journal
Vol. 1.— 2015.— [P. 48-59]
Main Author: Antipina N. A. Nataljya Alekseevna
Corporate Author: Национальный исследовательский Томский политехнический университет (ТПУ) Институт кибернетики (ИК) Кафедра инженерной графики и промышленного дизайна (ИГПД)
Other Authors: Deryugin E. E. Evgeny Evgenjevich
Summary:Title screen
This work presents an analytical description of the non-uniform field distribution of plastic deformation in a flat specimen, which determines distortion of the specimen in the necking zone. The proposed method enables to be simulated the real non-uniform distributions of plastic deformation and neck distortion according to experimental measurements data. Analytical expressions are suitable for calculation of gradients and concentration of stress in the neck of a flat specimen made of real material, using well-known analytical and numerical methods: finite element methods, boundary element methods, relaxation element methods etc.
Режим доступа: по договору с организацией-держателем ресурса
Language:English
Published: 2015
Series:Thermoenergetics Systems
Subjects:
Online Access:http://mmse.xyz/en/archives/3031-2/
Format: Electronic Book Chapter
KOHA link:https://koha.lib.tpu.ru/cgi-bin/koha/opac-detail.pl?biblionumber=645112

MARC

LEADER 00000nla0a2200000 4500
001 645112
005 20250319163739.0
035 |a (RuTPU)RU\TPU\network\10196 
035 |a RU\TPU\network\10181 
090 |a 645112 
100 |a 20151210d2015 k||y0rusy50 ba 
101 0 |a eng 
135 |a drcn ---uucaa 
181 0 |a i  
182 0 |a b 
200 1 |a Analytical Description of Plastic Deformation Distribution in the Neck of a Flat Tensile Specimen  |f N. A. Antipina, E. E. Deryugin 
203 |a Text  |c electronic 
225 1 |a Thermoenergetics Systems 
300 |a Title screen 
330 |a This work presents an analytical description of the non-uniform field distribution of plastic deformation in a flat specimen, which determines distortion of the specimen in the necking zone. The proposed method enables to be simulated the real non-uniform distributions of plastic deformation and neck distortion according to experimental measurements data. Analytical expressions are suitable for calculation of gradients and concentration of stress in the neck of a flat specimen made of real material, using well-known analytical and numerical methods: finite element methods, boundary element methods, relaxation element methods etc. 
333 |a Режим доступа: по договору с организацией-держателем ресурса 
461 |t Mechanics, Materials Science & Engineering Journal  |o Scientific Journal 
463 |t Vol. 1  |v [P. 48-59]  |d 2015 
610 1 |a электронный ресурс 
610 1 |a труды учёных ТПУ 
700 1 |a Antipina  |b N. A.  |c specialist in the field of engineering graphics and descriptive geometry  |c Associate Professor of Tomsk Polytechnic University, Candidate of technical sciences  |f 1972-  |g Nataljya Alekseevna  |3 (RuTPU)RU\TPU\pers\35817  |9 18962 
701 1 |a Deryugin  |b E. E.  |g Evgeny Evgenjevich 
712 0 2 |a Национальный исследовательский Томский политехнический университет (ТПУ)  |b Институт кибернетики (ИК)  |b Кафедра инженерной графики и промышленного дизайна (ИГПД)  |3 (RuTPU)RU\TPU\col\18737 
801 2 |a RU  |b 63413507  |c 20160729  |g RCR 
856 4 0 |u http://mmse.xyz/en/archives/3031-2/ 
942 |c CF